Central Library OPAC University of Rajshahi

Monetary theory / (Record no. 4109)

MARC details
000 -LEADER
fixed length control field 00733nam a2200289 4500
001 - CONTROL NUMBER
control field 4109
003 - CONTROL NUMBER IDENTIFIER
rucl marc code BD-RjUL
005 - DATE AND TIME OF LATEST TRANSACTION
control field 20211208233832.0
008 - FIXED-LENGTH DATA ELEMENTS--GENERAL INFORMATION
fixed length control field 700323s1969 enk b 000 0 eng
020 ## - INTERNATIONAL STANDARD BOOK NUMBER
International Standard Book Number 0710064934
035 ## - SYSTEM CONTROL NUMBER
System control number (BD-RjUL)4143
040 ## - CATALOGING SOURCE
Original cataloging agency DLC
Transcribing agency DLC
Modifying agency DLC
Language of cataloging eng
041 ## - LANGUAGE CODE
Language code of text/sound track or separate title eng
082 00 - DEWEY DECIMAL CLASSIFICATION NUMBER
Classification number 332.4
Edition number 16
Author mark and year TEM 1969
100 1# - MAIN ENTRY--PERSONAL NAME
Personal name Tew, Brian.
9 (RLIN) 9705
245 10 - TITLE STATEMENT
Title Monetary theory /
Statement of responsibility, etc. Brian Tew,
260 ## - PUBLICATION, DISTRIBUTION, ETC. (IMPRINT)
Place of publication, distribution, etc. London :
Name of publisher, distributor, etc. Routledge & K. Paul,
Date of publication, distribution, etc. 1969.
300 ## - PHYSICAL DESCRIPTION
Pagination xii, 61 p.
Size 20 cm.
350 ## - PRICE (NR) (BK AM CF MU VM SE) [OBSOLETE]
Price 18/-
490 0# - SERIES STATEMENT
Series statement Students library of economics
504 ## - BIBLIOGRAPHY, ETC. NOTE
Bibliography, etc Bibliography: p. 60-61.
526 ## - STUDY PROGRAM INFORMATION NOTE
Requested Dept. Economics
650 #0 - SUBJECT ADDED ENTRY--TOPICAL TERM
Topical term or geographic name as entry element Money.
9 (RLIN) 13051
942 ## - ADDED ENTRY ELEMENTS (KOHA)
Source of classification or shelving scheme Dewey Decimal Classification
Koha item type Books
Holdings
Lost status Source of classification or shelving scheme Damaged status Not for loan Collection code Permanent Location Current Location Shelving location Date acquired Source of acquisition Cost, normal purchase price Total Checkouts Full call number Date last seen Copy number Koha item type
  Dewey Decimal Classification   Not For Loan Non-fiction Central Library, University of Rajshahi Central Library, University of Rajshahi Reading Room 21/06/1982 standerd publication 41.80   332.4 TEM 1969 21/12/2013 C-1 Books